Представление документа в формате RUSMARC

ПолеНазваниеЗначение
  Тип записи a
  Библиографический уровень m
001 Контрольный номер RU/ЭБС IPRbooks/71870
005 Дата корректировки 20180118151538.5
100 Данные общей обработки __
a Данные общей обработки 20160101d2016 |||y0rusy0250
101 Язык документа 0_
a Язык текста rus
102 Страна публикации __
a Страна публикации RU
200 Заглавие и сведения об ответственности 0_
a Заглавие Программирование на языке ASSEMBLER. Часть 2
b Общее обозначение материала Электронный ресурс
e Сведения, относящиеся к заглавию практикум
f Первые сведения об ответственности К.А. Никитин
f Первые сведения об ответственности О.Л. Куляс
r Лабораторный практикум по дисциплине «ЭВМ и периферийные устройства»
210 Выходные данные __
a Место издания Самара
c Издательство Поволжский государственный университет телекоммуникаций и информатики
d Дата издания 2016
215 Физическое описание __
a Объем 79 c.
300 Общие примечания __
a Общие примечания Книга находится в базовой версии ЭБС IPRbooks.
330 Аннотация __
a Аннотация Лабораторный практикум предназначен для бакалавров направления 09.03.01 - «Информатика и вычислительная техника», изучающих курс «ЭВМ и периферийные устройства». Двухсеместровый цикл лабораторных работ включает 12 работ (7 работ в 1-й части и 5 работ во 2-й), которые позволяют освоить основы программирования на языке ASSEMBLER. Каждая лабораторная работа содержит достаточный теоретический материал, поэтапно вводящий студентов в мир программирования на языке Ассемблера, сведения и задания, необходимые для практического выполнения работы, список литературы, рекомендуемой для дополнительного изучения, а также контрольные вопросы для проверки усвоения изученного. Лабораторный практикум можно использовать не только студентам, указанного направления подготовки, но и всем желающим самостоятельно овладеть основами программирования на языке ASSEMBLER.
610 Ключевые слова 1_
a Ключевые слова программирование
610 Ключевые слова 1_
a Ключевые слова информатика
610 Ключевые слова 1_
a Ключевые слова ЭВМ
610 Ключевые слова 1_
a Ключевые слова язык
610 Ключевые слова 1_
a Ключевые слова компьютер
675 Индекс УДК __
a Индекс УДК 00
686 Индексы других классификаций __
a Классификационный индекс 32.97
2 Код системы rubbk
700 Автор _1
b Имя О.Л.
a Фамилия Куляс
4 Код отношения 070
701 Альтернативная интеллектуальная ответственность _1
b Имя К.А.
a Фамилия Никитин
4 Код отношения 070
856 Электронный адрес документа 4_
u Универсальный указатель ресурса (URL) http://www.iprbookshop.ru/71870.html
z Публикуемое примечание Перейти к просмотру издания